[Event "Int SVK-ch Open 2020"]
[Site "Drienica"]
[Date "2020.08.07"]
[Round "1.9"]
[White "Dragula, Miroslav"]
[Black "Sankova, Stella"]
[Result "0-1"]
[WhiteElo "1571"]
[BlackElo "1990"]
[Annotator "ChessBase"]
[PlyCount "92"]
[EventDate "2020.08.07"]
[EventType "swiss"]
[EventCountry "SVK"]
[SourceTitle "playchess.com"]
[Source "ChessBase"]
[SourceQuality "1"]
[TimeControl "40/5400+30:1800+30"]

1. d4 {[%emt 0:00:00]} Nf6 {[%emt 0:00:00]} 2. c4 {[%emt 0:00:00]} e6 {[%emt 0:00:05]} 3. Nc3 {[%emt 0:00:17]} Bb4 {[%emt 0:00:07]} 4. Qc2 {[%emt 0:00:21]} O-O {[%emt 0:01:09]} 5. Nf3 {[%emt 0:01:11]} b6 {[%emt 0:01:45]} 6. e3 {[%emt 0:00:33]} Bb7 {[%emt 0:03:28]} 7. Be2 {[%emt 0:00:38]} d6 {[%emt 0:01:23]} 8. O-O {[%emt 0:00:33]} Bxc3 {[%emt 0:05:05]} 9. Qxc3 {[%emt 0:01:15]} Ne4 {[%emt 0:00:44]} 10. Qc2 {[%emt 0:01:40]} Nd7 {[%emt 0:00:36]} 11. Bd3 {[%emt 0:01:05]} f5 {[%emt 0:00:29]} 12. Nd2 {[%emt 0:01:16]} Ndf6 {[%emt 0:02:04]} 13. f3 {[%emt 0:01:42]} Nxd2 {[%emt 0:00:43]} 14. Bxd2 {[%emt 0:00:25]} Qe8 {[%emt 0:01:15]} 15. Rae1 {[%emt 0:02:38]} Qh5 {[%emt 0:01:54]} 16. Re2 {[%emt 0:06:49]} g5 {[%emt 0:07:44]} 17. Be1 {[%emt 0:03:31]} Rf7 {[%emt 0:16:09]} 18. d5 {[%emt 0:00:38]} exd5 {[%emt 0:02:06]} 19. Bxf5 {[%emt 0:01:24]} Re8 {[%emt 0:02:11]} 20. cxd5 {[%emt 0:00:57]} Nxd5 {[%emt 0:03:47]} 21. Bg4 {[%emt 0:04:35]} Qh6 {[%emt 0:00:36]} 22. e4 {[%emt 0:01:27]} Nf6 {[%emt 0:04:49]} 23. Bf5 {[%emt 0:01:30]} Ba6 {[%emt 0:03:55]} 24. Bf2 {[%emt 0:03:07]} Bxe2 {[%emt 0:03:55]} 25. Qxe2 {[%emt 0:00:12]} Nh5 {[%emt 0:06:24]} 26. Qc4 {[%emt 0:00:39]} Nf4 {[%emt 0:01:18]} 27. Qc6 {[%emt 0:03:22]} Ref8 {[%emt 0:02:06]} 28. Rd1 {[%emt 0:01:17]} Qf6 {[%emt 0:01:47]} 29. Qc2 {[%emt 0:01:16]} Ne6 {[%emt 0:03:13]} 30. Qc4 {[%emt 0:03:03]} Re8 {[%emt 0:02:29]} 31. Bg4 {[%emt 0:01:38]} Qg6 {[%emt 0:04:38]} 32. Rd5 {[%emt 0:00:55]} h5 {[%emt 0:02:41]} 33. Bf5 {[%emt 0:00:26]} Qf6 {[%emt 0:00:51]} 34. g3 {[%emt 0:02:02]} Kf8 {[%emt 0:02:41]} 35. Qb3 {[%emt 0:02:42]} Ng7 {[%emt 0:03:35]} 36. Bd4 {[%emt 0:00:41]} Qh6 {[%emt 0:00:15]} 37. Bh3 {[%emt 0:03:40]} g4 {[%emt 0:02:04]} 38. Be3 {[%emt 0:00:16]} Qe6 {[%emt 0:01:55]} 39. fxg4 {[%emt 0:04:21]} Qxe4 {[%emt 0:01:45]} 40. Bf4 {[%emt 0:00:24]} Qe1+ {[%emt 0:03:18]} 41. Bf1 {[%emt 0:31:40]} hxg4 {[%emt 0:30:56]} 42. Rd1 Qa5 {[%emt 0:02:25]} 43. Bc4 {[%emt 0:02:14]} Re1+ {[%emt 0:00:00]} 44. Kg2 {[%emt 0:00:00]} Rfe7 {[%emt 0:00:00]} 45. Bd2 {[%emt 0:00:00]} Qd5+ {[%emt 0:00:00]} 46. Kf2 {[%emt 0:00:00]} Qd4+ {[%emt 0:00:00]} 0-1

[Event "Int SVK-ch Open 2020"]
[Site "Drienica"]
[Date "2020.08.07"]
[Round "1.10"]
[White "Bombek Peter"]
[Black "Sosovickova Jana"]
[Result "1-0"]
[WhiteElo "2165"]
[BlackElo "1829"]
[Annotator "TA"]
[PlyCount "131"]
[EventDate "2020.08.07"]
[EventType "swiss"]
[EventCountry "SVK"]
[SourceTitle "playchess.com"]
[Source "ChessBase"]
[SourceQuality "1"]

{[%evp 9,131,78,94,97,96,98,91,85,81,59,74,48,55,47,57,70,145,52,33,39,106,44,156,156,171,94,120,116,120,79,79,51,434,234,427,421,550,229,218,231,203,214,213,211,206,202,227,220,289,256,322,316,303,308,297,316,298,295,261,203,249,249,241,235,272,265,445,420,530,351,446,529,643,564,626,581,581,574,506,445,412,362,351,306,666,662,641,625,832,831,821,780,713,704,1085,1019,2157,2088,1914,2013,1739,1387,12834,6480,12841,12841,12843,12843,12844,12840,12842,12841,12843,12843,12843,12843,29990,12845,12847,12847,12848,12848,12850,12850]} 1. d4 d5 2. Nf3 e6 3. c4 c6 4. Nc3 Bd6 5. e4 dxc4 6. Bxc4 {D31: Queen's Gambit Declined: Semi-Slav without ...Nf6 (+ Marshall Gambit and Noteboom) and Exchange Variation lines without ...Nf6.} Nd7 7. O-O Ne7 {[#]} 8. a4 $146 {White is better.} ({Predecessor:} 8. Qe2 Qc7 9. e5 Bb4 10. Ne4 Nd5 11. a3 Be7 12. Bg5 Bf8 13. Rac1 N7b6 14. Bd3 {1-0 (36) Kurukin,D (2202)-Litvinov,K (1768) Moscow 2009}) 8... O-O 9. a5 e5 10. Be3 Ng6 11. d5 $36 {[%mdl 2048] White fights for an advantage.} cxd5 12. Bxd5 {Strongly threatening a6!} Bc5 (12... Nf6 $14) 13. Bg5 (13. Ng5 $1 $16 Bxe3 14. Bxf7+ (14. Nxf7 Rxf7 15. Bxf7+ Kxf7 $16) 14... Rxf7 15. Nxf7 Kxf7 16. Qb3+ (16. fxe3+ Kg8 $16) 16... Kf8 17. fxe3+ {[%mdl 64] Discovered Attack} Nf6 18. Nd5) 13... Be7 $14 14. a6 Qc7 (14... Bxg5 $14 15. Nxg5 (15. Bxb7 Nb6 $15) (15. axb7 Bxb7 16. Bxb7 Rb8 $14) 15... Qxg5 16. axb7 Bxb7 17. Bxb7 {[%mdl 64] Discovered Attack} Rad8) 15. Qd2 ({Better is} 15. Bxe7 $16 Nxe7 16. Nb5) 15... Nf6 (15... Bxg5 $14 16. Qxg5 (16. Nxg5 Nf6 $16) 16... Nf6) 16. Bxf6 $16 Bxf6 {[#]} 17. Qe3 (17. Nb5 $1 $18 {[%cal Rb5c7]} Qb8 18. Rfc1 bxa6 19. Nc7) 17... Qb8 18. Ra3 Bd8 19. Rb3 {[%cal Ra6b7]} Bb6 20. Qg5 Re8 $2 {[%mdl 8192] This costs Black the game.} (20... Be6 $1 $14) 21. Na4 (21. Qh5 $142 {Black must now prevent Ng5.} h6 22. Qxg6) 21... Qc7 $2 (21... Be6 {might work better.}) 22. Rc1 $18 Qd7 23. axb7 (23. Rxb6 $142 axb6 24. Nxb6 {[%mdl 64] Double Attack}) 23... Bxb7 24. Nc5 ({Weaker is} 24. Nxb6 axb6 25. Bxb7 (25. Rxb6 Bxd5 26. exd5 Nf4 $17) 25... Qxb7 $11) 24... Bxd5 25. Nxd7 Bxb3 26. Nxb6 ({Don't do} 26. Nfxe5 Nxe5 27. Nxe5 Rac8) 26... axb6 27. Qe3 Ba4 28. g3 Ra6 29. Qd3 Rea8 30. Kg2 Be8 31. Rc8 {[%mdl 64] Deflection} Rxc8 32. Qxa6 {[%mdl 64] Double Attack} Rc6 33. h4 f6 34. Qa7 Kf8 35. h5 Ne7 {[#]} 36. g4 $1 Nc8 37. Qa3+ Kg8 $2 (37... Ne7 {was called for.} 38. Nh4 Rc5) 38. Nh4 Nd6 39. f3 Rc2+ 40. Kg3 Rc6 41. Qa7 b5 42. Qe7 {Hoping for Nf5!} Bf7 43. Qd8+ Be8 44. Kh3 Kf8 45. Qb8 Ke7 46. Qa7+ Kf8 $2 {[#]} (46... Bd7 47. Ng2 Nc4) 47. h6 $1 {[%mdl 512]} gxh6 48. Qxh7 Rc2 49. Qxh6+ {[%mdl 64] Double Attack} Ke7 50. g5 fxg5 51. Qxg5+ Ke6 52. Nf5 Nxf5 53. Qxf5+ {[%mdl 4096] Endgame KQ-KRB} Kd6 54. Qf6+ Kd7 55. Qxe5 Kd8 56. Kg3 Bd7 57. f4 Rc6 58. f5 Rh6 59. Qd5 Rh5 60. Kf4 Rh4+ 61. Ke5 Rh2 62. Qa8+ Ke7 63. Qg8 (63. f6+ $142 Kf7 64. Qd5+ {[%mdl 64] Double Attack} Kg6 65. Qg8+ Kh6 66. Qg7+ Kh5 67. Qh7+ Kg5 68. Qxh2) 63... Bxf5 {White is clearly winning.} 64. Qg7+ Ke8 65. Kxf5 {Intending Ke6 and mate.} Rf2+ 66. Ke6 {Accuracy: White = 67%, Black = 39%.} 1-0

[Event "Int SVK-ch Open 2020"]
[Site "Drienica"]
[Date "2020.08.07"]
[Round "1.10"]
[White "Hudak, Vasil"]
[Black "Kucik, Patrik"]
[Result "1-0"]
[WhiteElo "1984"]
[BlackElo "1561"]
[Annotator "ChessBase"]
[PlyCount "103"]
[EventDate "2020.08.07"]
[EventType "swiss"]
[EventCountry "SVK"]
[SourceTitle "playchess.com"]
[Source "ChessBase"]
[SourceQuality "1"]
[TimeControl "40/5400+30:1800+30"]

1. e4 {[%emt 0:00:00]} e5 {[%emt 0:00:00]} 2. Nf3 {[%emt 0:00:00]} Nc6 {[%emt 0:00:11]} 3. Bb5 {[%emt 0:00:12]} a6 {[%emt 0:00:43]} 4. Ba4 {[%emt 0:00:13]} d6 {[%emt 0:00:53]} 5. c3 {[%emt 0:02:35]} Nf6 {[%emt 0:02:03]} 6. d3 {[%emt 0:03:33]} Be7 {[%emt 0:00:36]} 7. O-O {[%emt 0:01:03]} O-O {[%emt 0:01:08]} 8. Nbd2 {[%emt 0:00:57]} Bg4 {[%emt 0:01:43]} 9. h3 {[%emt 0:00:38]} Bh5 {[%emt 0:07:12]} 10. Qe2 {[%emt 0:12:04]} h6 {[%emt 0:03:20]} 11. Rd1 {[%emt 0:01:20]} b5 {[%emt 0:01:16]} 12. Bb3 {[%emt 0:01:15]} a5 {[%emt 0:04:28]} 13. Nf1 {[%emt 0:00:24]} b4 {[%emt 0:01:26]} 14. Ng3 {[%emt 0:02:08]} Bxf3 {[%emt 0:11:05]} 15. Qxf3 {[%emt 0:00:16]} a4 {[%emt 0:01:35]} 16. Bd5 {[%emt 0:01:14]} Qd7 {[%emt 0:06:02]} 17. Bxc6 {[%emt 0:06:03]} Qxc6 {[%emt 0:02:34]} 18. Nf5 {[%emt 0:00:09]} Qd7 {[%emt 0:02:11]} 19. Bxh6 {[%emt 0:02:03]} g6 {[%emt 0:03:48]} 20. Nxe7+ {[%emt 0:00:48]} Qxe7 {[%emt 0:00:21]} 21. Bxf8 {[%emt 0:05:17]} Kxf8 {[%emt 0:01:14]} 22. d4 {[%emt 0:00:16]} bxc3 {[%emt 0:01:19]} 23. bxc3 {[%emt 0:00:16]} Nh5 {[%emt 0:01:54]} 24. g3 {[%emt 0:00:42]} Qg5 {[%emt 0:01:44]} 25. Qg4 {[%emt 0:00:48]} Qe7 {[%emt 0:02:15]} 26. Re1 {[%emt 0:03:17]} Nf6 {[%emt 0:04:52]} 27. Qg5 {[%emt 0:00:32]} Kg7 {[%emt 0:00:35]} 28. Re3 {[%emt 0:02:04]} Rh8 {[%emt 0:00:48]} 29. g4 {[%emt 0:00:14]} Qe6 {[%emt 0:01:44]} 30. d5 {[%emt 0:09:25]} Qd7 {[%emt 0:02:59]} 31. Rae1 {[%emt 0:01:29]} Nh7 {[%emt 0:01:26]} 32. Qh4 {[%emt 0:00:09]} Nf6 {[%emt 0:01:31]} 33. Qg3 {[%emt 0:00:15]} Qb5 {[%emt 0:01:24]} 34. Qf3 {[%emt 0:05:04]} Qb2 {[%emt 0:02:42]} 35. Qe2 {[%emt 0:01:12]} Qb8 {[%emt 0:01:16]} 36. Qc4 {[%emt 0:00:46]} Qa7 {[%emt 0:01:28]} 37. Rb1 {[%emt 0:01:03]} Nd7 {[%emt 0:01:03]} 38. Rb4 {[%emt 0:00:58]} Nc5 {[%emt 0:00:32]} 39. Kg2 {[%emt 0:00:42]} Qa8 {[%emt 0:00:53]} 40. Qf1 {[%emt 0:03:05]} Qc8 {[%emt 0:03:19]} 41. f4 {[%emt 0:30:52]} Qe8 {[%emt 0:32:08]} 42. Qf2 {[%emt 0:13:07]} Qe7 {[%emt 0:02:05]} 43. Qg3 {[%emt 0:00:20]} f6 {[%emt 0:01:33]} 44. Rf3 {[%emt 0:02:47]} Ra8 {[%emt 0:07:53]} 45. h4 {[%emt 0:03:02]} Nd7 {[%emt 0:01:13]} 46. g5 {[%emt 0:05:40]} fxg5 {[%emt 0:02:44]} 47. Qxg5 {[%emt 0:03:28]} Qe8 {[%emt 0:05:15]} 48. f5 {[%emt 0:01:05]} Nf6 {[%emt 0:02:16]} 49. fxg6 {[%emt 0:00:34]} Qxg6 {[%emt 0:00:57]} 50. Rxf6 {[%emt 0:00:08]} Qxg5+ {[%emt 0:00:28]} 51. hxg5 {[%emt 0:00:10]} Rh8 {[%emt 0:00:22]} 52. Rb7 {[%emt 0:00:10]} 1-0

[Event "Int SVK-ch Open 2020"]
[Site "Drienica"]
[Date "2020.08.07"]
[Round "1.11"]
[White "Recky Norbert"]
[Black "Bochnicka Vladimir"]
[Result "0-1"]
[WhiteElo "1811"]
[BlackElo "2151"]
[Annotator "ChessBase"]
[PlyCount "70"]
[EventDate "2020.08.07"]
[EventType "swiss"]
[EventCountry "SVK"]
[SourceTitle "playchess.com"]
[Source "ChessBase"]
[SourceQuality "1"]
[TimeControl "40/5400+30:1800+30"]

1. e4 {[%emt 0:00:00]} c5 {[%emt 0:00:00]} 2. Nf3 {[%emt 0:00:00]} Nc6 {[%emt 0:00:00]} 3. Bb5 {[%emt 0:00:00]} Nf6 {[%emt 0:00:00]} 4. Nc3 {[%emt 0:00:03]} g6 {[%emt 0:00:00]} 5. O-O {[%emt 0:00:14]} Bg7 {[%emt 0:00:00]} 6. Re1 {[%emt 0:00:29]} O-O {[%emt 0:00:14]} 7. d3 {[%emt 0:00:56]} Nd4 {[%emt 0:32:23]} 8. Nxd4 {[%emt 0:03:58]} cxd4 {[%emt 0:00:02]} 9. Ne2 {[%emt 0:00:17]} e5 {[%emt 0:00:13]} 10. f4 {[%emt 0:00:28]} d6 {[%emt 0:00:49]} 11. fxe5 {[%emt 0:03:44]} dxe5 {[%emt 0:00:40]} 12. Bg5 {[%emt 0:00:07]} h6 {[%emt 0:03:27]} 13. Bh4 {[%emt 0:00:13]} Qb6 {[%emt 0:01:46]} 14. Bc4 {[%emt 0:06:35]} Ng4 {[%emt 0:00:20]} 15. Bb3 {[%emt 0:02:00]} Bf6 {[%emt 0:02:51]} 16. Bxf6 {[%emt 0:00:24]} Qxf6 {[%emt 0:00:12]} 17. Rf1 {[%emt 0:04:14]} Qh4 {[%emt 0:00:14]} 18. h3 {[%emt 0:00:39]} Ne3 {[%emt 0:00:06]} 19. Qe1 {[%emt 0:00:32]} Qg5 {[%emt 0:00:30]} 20. Rf2 {[%emt 0:02:25]} Bxh3 {[%emt 0:00:31]} 21. g3 {[%emt 0:00:10]} h5 {[%emt 0:01:43]} 22. Rh2 {[%emt 0:00:35]} Be6 {[%emt 0:00:23]} 23. Qc1 {[%emt 0:01:53]} Bg4 {[%emt 0:01:06]} 24. Qe1 {[%emt 0:00:32]} Bxe2 {[%emt 0:00:56]} 25. Rxe2 {[%emt 0:02:06]} h4 {[%emt 0:00:29]} 26. Kh2 {[%emt 0:01:06]} hxg3+ {[%emt 0:00:09]} 27. Qxg3 {[%emt 0:00:51]} Qh5+ {[%emt 0:00:11]} 28. Kg1 {[%emt 0:00:22]} Kg7 {[%emt 0:00:36]} 29. Rh2 {[%emt 0:02:27]} Qg4 {[%emt 0:00:12]} 30. Qxg4 {[%emt 0:00:50]} Nxg4 {[%emt 0:00:08]} 31. Rh4 {[%emt 0:00:05]} Ne3 {[%emt 0:00:13]} 32. Kf2 {[%emt 0:00:50]} f5 {[%emt 0:00:51]} 33. Rah1 {[%emt 0:01:52]} fxe4+ {[%emt 0:02:49]} 34. Ke2 {[%emt 0:01:43]} exd3+ {[%emt 0:00:29]} 35. cxd3 {[%emt 0:00:13]} Rh8 {[%emt 0:00:15]} 0-1

[Event "Int SVK-ch Open 2020"]
[Site "Drienica"]
[Date "2020.08.07"]
[Round "1.11"]
[White "Kapolkova, Greta"]
[Black "Sedlakova, Ivana"]
[Result "0-1"]
[WhiteElo "1545"]
[BlackElo "1983"]
[Annotator "ChessBase"]
[PlyCount "54"]
[EventDate "2020.08.07"]
[EventType "swiss"]
[EventCountry "SVK"]
[SourceTitle "playchess.com"]
[Source "ChessBase"]
[SourceQuality "1"]
[TimeControl "40/5400+30:1800+30"]

1. e4 {[%emt 0:00:00]} c6 {[%emt 0:00:00]} 2. d4 {[%emt 0:00:32]} d5 {[%emt 0:00:00]} 3. Nc3 {[%emt 0:01:19]} dxe4 {[%emt 0:00:00]} 4. Nxe4 {[%emt 0:00:31]} Bf5 {[%emt 0:00:00]} 5. Ng3 {[%emt 0:02:00]} Bg6 {[%emt 0:00:00]} 6. Nf3 {[%emt 0:01:27]} Nd7 {[%emt 0:00:41]} 7. Bd3 {[%emt 0:00:36]} Ngf6 {[%emt 0:03:48]} 8. Bf4 {[%emt 0:01:34]} Nd5 {[%emt 0:06:50]} 9. Be3 {[%emt 0:04:56]} Qa5+ {[%emt 0:02:00]} 10. Bd2 {[%emt 0:01:53]} Qc7 {[%emt 0:04:02]} 11. Qe2 {[%emt 0:02:48]} Bxd3 {[%emt 0:13:03]} 12. Qxd3 {[%emt 0:00:38]} e6 {[%emt 0:03:23]} 13. Nf1 {[%emt 0:02:06]} h6 {[%emt 0:11:22]} 14. Ne3 {[%emt 0:01:07]} Nf4 {[%emt 0:06:01]} 15. Qb3 {[%emt 0:02:02]} Be7 {[%emt 0:05:23]} 16. g3 {[%emt 0:03:10]} Ng6 {[%emt 0:00:57]} 17. O-O {[%emt 0:02:26]} O-O {[%emt 0:02:51]} 18. Ng4 {[%emt 0:02:36]} b6 {[%emt 0:05:28]} 19. Rfe1 {[%emt 0:08:58]} c5 {[%emt 0:09:04]} 20. Nfe5 {[%emt 0:10:22]} Ngxe5 {[%emt 0:01:23]} 21. Nxe5 {[%emt 0:06:21]} cxd4 {[%emt 0:00:39]} 22. Ng6 {[%emt 0:09:38]} fxg6 {[%emt 0:05:13]} 23. Qxe6+ {[%emt 0:00:15]} Rf7 {[%emt 0:00:10]} 24. Qd5 {[%emt 0:00:36]} Re8 {[%emt 0:00:40]} 25. Bf4 {[%emt 0:01:00]} Qc8 {[%emt 0:02:46]} 26. Qe4 {[%emt 0:07:39]} g5 {[%emt 0:04:45]} 27. Bd6 {[%emt 0:01:18]} Nf6 {[%emt 0:00:17]} 0-1

[Event "Int SVK-ch Open 2020"]
[Site "Drienica"]
[Date "2020.08.07"]
[Round "1.12"]
[White "Pastir Stanislav"]
[Black "Holicky Miroslav"]
[Result "1-0"]
[WhiteElo "2145"]
[BlackElo "1805"]
[Annotator "RC"]
[PlyCount "107"]
[EventDate "2020.08.07"]
[EventType "swiss"]
[EventCountry "SVK"]
[SourceTitle "playchess.com"]
[Source "ChessBase"]
[SourceQuality "1"]
[TimeControl "40/5400+30:1800+30"]

1. e4 {[%emt 0:00:00]} d5 {[%emt 0:00:09]} 2. exd5 {[%emt 0:00:00]} Nf6 {[%emt 0:00:00]} 3. d4 {[%emt 0:00:13]} Bg4 {[%emt 0:00:01]} 4. f3 {[%emt 0:06:22]} Bf5 {[%emt 0:00:15]} 5. Bb5+ {[%emt 0:01:11]} Nbd7 {[%emt 0:00:40]} 6. c4 {[%emt 0:09:05]} e6 {[%emt 0:00:33]} 7. dxe6 {[%emt 0:05:56]} Bxe6 {[%emt 0:00:09]} 8. d5 {[%emt 0:04:51]} Bf5 {[%emt 0:00:09]} 9. Be3 {[%emt 0:02:50]} Bb4+ {[%emt 0:00:40]} 10. Nc3 {[%emt 0:00:15]} O-O {[%emt 0:00:57]} 11. Nge2 {[%emt 0:06:47]} Ne5 {[%emt 0:01:26]} 12. Bd4 {[%emt 0:23:20]} Nd3+ {[%emt 0:10:44]} 13. Kf1 {[%emt 0:00:11]} a6 {[%emt 0:00:24]} 14. Ba4 {[%emt 0:02:36]} Nxb2 {[%emt 0:03:33]} 15. Qb3 {[%emt 0:00:48]} Bxc3 {[%emt 0:01:07]} 16. Nxc3 {[%emt 0:06:04]} Bd3+ {[%emt 0:04:04]} 17. Kf2 {[%emt 0:00:04]} Nxa4 {[%emt 0:10:01]} 18. Nxa4 {[%emt 0:00:03]} Bxc4 {[%emt 0:03:08]} 19. Qxc4 {[%emt 0:07:14]} b5 {[%emt 0:00:11]} 20. Qc6 {[%emt 0:02:39]} bxa4 {[%emt 0:04:12]} 21. Bxf6 {[%emt 0:00:02]} Qxf6 {[%emt 0:04:11]} 22. Qxf6 {[%emt 0:00:03]} gxf6 {[%emt 0:00:10]} 23. Rac1 {[%emt 0:00:03]} Rfd8 {[%emt 0:02:45]} 24. Rhd1 {[%emt 0:00:12]} Rd7 {[%emt 0:04:48]} 25. Ke3 {[%emt 0:05:53]} Rb8 {[%emt 0:02:17]} 26. Kd4 {[%emt 0:01:06]} Rb6 {[%emt 0:09:45]} 27. Kc5 {[%emt 0:01:19]} Kf8 {[%emt 0:01:02]} 28. Rb1 {[%emt 0:00:52]} Rdd6 {[%emt 0:02:33]} 29. Re1 {[%emt 0:06:06]} a3 {[%emt 0:04:21]} 30. Rxb6 {[%emt 0:01:34]} Rxb6 {[%emt 0:00:16]} 31. Re3 {[%emt 0:00:03]} h6 {[%emt 0:07:20]} 32. Rxa3 {[%emt 0:01:01]} Ke7 {[%emt 0:00:59]} 33. Rb3 {[%emt 0:01:48]} Rd6 {[%emt 0:02:50]} 34. a4 {[%emt 0:00:28]} Kd7 {[%emt 0:01:27]} 35. Rb8 {[%emt 0:00:29]} Ke7 {[%emt 0:01:11]} 36. f4 {[%emt 0:02:10]} f5 {[%emt 0:01:38]} 37. g3 {[%emt 0:00:08]} Kd7 {[%emt 0:00:54]} 38. Rf8 {[%emt 0:02:46]} Ke7 {[%emt 0:01:33]} 39. Rc8 {[%emt 0:00:03]} Kd7 {[%emt 0:00:27]} 40. Rb8 {[%emt 0:00:03]} Ke7 {[%emt 0:00:37]} 41. a5 {[%emt 0:05:46]} Kd7 {[%emt 0:00:45]} 42. Rg8 {[%emt 0:11:27]} Ke7 {[%emt 0:02:22]} 43. Rb8 {[%emt 0:00:08]} Kd7 {[%emt 0:00:06]} 44. Rb3 {[%emt 0:00:04]} Ke7 {[%emt 0:00:40]} 45. Rd3 {[%emt 0:12:06]} Kd7 {[%emt 0:01:36]} 46. Rd1 {[%emt 0:00:54]} Ke7 {[%emt 0:00:30]} 47. Rd2 {[%emt 0:00:06]} Kd7 {[%emt 0:00:06]} 48. Rd3 {[%emt 0:00:04]} Ke7 {[%emt 0:00:07]} 49. Kd4 {[%emt 0:00:33]} Kd7 {[%emt 0:04:33]} 50. Ke5 {[%emt 0:00:18]} f6+ {[%emt 0:03:15]} 51. Kxf5 {[%emt 0:00:08]} c6 {[%emt 0:00:17]} 52. dxc6+ {[%emt 0:00:34]} Kxc6 {[%emt 0:01:29]} 53. Rxd6+ {[%emt 0:00:02]} Kxd6 {[%emt 0:00:23]} 54. Kxf6 {[%emt 0:00:01]} 1-0

[Event "Int SVK-ch Open 2020"]
[Site "Drienica"]
[Date "2020.08.07"]
[Round "1.12"]
[White "Lehocz, Jozsef"]
[Black "Strapec, Lukas"]
[Result "1-0"]
[WhiteElo "1981"]
[BlackElo "1517"]
[Annotator "ChessBase"]
[PlyCount "65"]
[EventDate "2020.08.07"]
[EventType "swiss"]
[EventCountry "SVK"]
[SourceTitle "playchess.com"]
[Source "ChessBase"]
[SourceQuality "1"]
[TimeControl "40/5400+30:1800+30"]

1. e4 {[%emt 0:00:00]} c5 {[%emt 0:00:00]} 2. Nf3 {[%emt 0:00:00]} d6 {[%emt 0:00:26]} 3. Bb5+ {[%emt 0:00:00]} Bd7 {[%emt 0:00:41]} 4. Bxd7+ {[%emt 0:00:07]} Nxd7 {[%emt 0:00:56]} 5. d4 {[%emt 0:00:25]} cxd4 {[%emt 0:00:58]} 6. Qxd4 {[%emt 0:00:52]} Ngf6 {[%emt 0:01:10]} 7. Nc3 {[%emt 0:00:22]} g6 {[%emt 0:01:43]} 8. Bg5 {[%emt 0:13:25]} Bg7 {[%emt 0:04:50]} 9. O-O {[%emt 0:07:25]} O-O {[%emt 0:04:40]} 10. Qd2 {[%emt 0:02:31]} Rc8 {[%emt 0:06:19]} 11. Bh6 {[%emt 0:01:16]} Qb6 {[%emt 0:06:26]} 12. Rab1 {[%emt 0:04:07]} Nc5 {[%emt 0:07:17]} 13. Bxg7 {[%emt 0:01:33]} Kxg7 {[%emt 0:01:21]} 14. Rfe1 {[%emt 0:01:22]} Rfd8 {[%emt 0:05:52]} 15. Qg5 {[%emt 0:07:39]} h6 {[%emt 0:04:48]} 16. Qf4 {[%emt 0:04:49]} Qb4 {[%emt 0:05:33]} 17. a3 {[%emt 0:05:16]} Qc4 {[%emt 0:02:35]} 18. Rbd1 {[%emt 0:02:59]} Ne6 {[%emt 0:10:04]} 19. Qe3 {[%emt 0:03:38]} Qc5 {[%emt 0:02:52]} 20. Nd4 {[%emt 0:10:26]} Nxd4 {[%emt 0:01:31]} 21. Rxd4 {[%emt 0:00:15]} Ng4 {[%emt 0:02:05]} 22. Qd2 {[%emt 0:01:36]} Ne5 {[%emt 0:03:40]} 23. Nd5 {[%emt 0:01:52]} e6 {[%emt 0:01:52]} 24. Ne3 {[%emt 0:00:14]} d5 {[%emt 0:05:20]} 25. exd5 {[%emt 0:02:57]} exd5 {[%emt 0:01:41]} 26. c3 {[%emt 0:04:14]} Rd7 {[%emt 0:07:44]} 27. Nf5+ {[%emt 0:04:30]} Kf6 {[%emt 0:03:22]} 28. Nxh6 {[%emt 0:02:14]} g5 {[%emt 0:03:28]} 29. h4 {[%emt 0:01:02]} Qd6 {[%emt 0:01:55]} 30. Qxg5+ {[%emt 0:00:21]} Ke6 {[%emt 0:00:19]} 31. Qf5+ {[%emt 0:01:34]} Ke7 {[%emt 0:00:14]} 32. Rxe5+ {[%emt 0:00:12]} Kd8 {[%emt 0:00:30]} 33. Rexd5 {[%emt 0:00:51]} 1-0

[Event "Int SVK-ch Open 2020"]
[Site "Drienica"]
[Date "2020.08.07"]
[Round "1.13"]
[White "Harvan Tomas"]
[Black "Macko Michal"]
[Result "0-1"]
[WhiteElo "1796"]
[BlackElo "2142"]
[Annotator "ChessBase"]
[PlyCount "76"]
[EventDate "2020.08.07"]
[EventType "swiss"]
[EventCountry "SVK"]
[SourceTitle "playchess.com"]
[Source "ChessBase"]
[SourceQuality "1"]
[TimeControl "40/5400+30:1800+30"]

1. e4 {[%emt 0:00:00]} c5 {[%emt 0:00:00]} 2. Nf3 {[%emt 0:00:00]} e6 {[%emt 0:00:00]} 3. d4 {[%emt 0:00:10]} cxd4 {[%emt 0:00:00]} 4. Nxd4 {[%emt 0:00:11]} Nc6 {[%emt 0:00:00]} 5. Nc3 {[%emt 0:00:22]} Qc7 {[%emt 0:00:03]} 6. Nxc6 {[%emt 0:00:19]} bxc6 {[%emt 0:00:06]} 7. Bd3 {[%emt 0:00:19]} Nf6 {[%emt 0:00:12]} 8. O-O {[%emt 0:00:53]} Be7 {[%emt 0:03:28]} 9. Qe2 {[%emt 0:00:41]} d5 {[%emt 0:00:15]} 10. b3 {[%emt 0:01:40]} O-O {[%emt 0:02:57]} 11. Bb2 {[%emt 0:00:38]} Re8 {[%emt 0:07:07]} 12. Rae1 {[%emt 0:07:11]} Bb7 {[%emt 0:03:31]} 13. f4 {[%emt 0:07:02]} Bf8 {[%emt 0:13:48]} 14. Kh1 {[%emt 0:14:35]} Nd7 {[%emt 0:06:50]} 15. exd5 {[%emt 0:10:20]} cxd5 {[%emt 0:00:21]} 16. Nb5 {[%emt 0:06:41]} Qb6 {[%emt 0:01:50]} 17. Rf3 {[%emt 0:12:22]} Nc5 {[%emt 0:11:53]} 18. Bxh7+ {[%emt 0:12:17]} Kxh7 {[%emt 0:00:45]} 19. Rh3+ {[%emt 0:00:05]} Kg8 {[%emt 0:00:05]} 20. Qh5 {[%emt 0:00:14]} f6 {[%emt 0:00:09]} 21. Bxf6 {[%emt 0:13:17]} Ne4 {[%emt 0:02:17]} 22. Rxe4 {[%emt 0:04:05]} dxe4 {[%emt 0:00:08]} 23. Bd4 {[%emt 0:00:08]} Qc6 {[%emt 0:01:31]} 24. Qh7+ {[%emt 0:01:34]} Kf7 {[%emt 0:00:08]} 25. Qh5+ {[%emt 0:00:13]} Ke7 {[%emt 0:00:43]} 26. Qg5+ {[%emt 0:03:37]} Kd7 {[%emt 0:00:19]} 27. Rc3 {[%emt 0:00:02]} Be7 {[%emt 0:02:29]} 28. Rxc6 {[%emt 0:03:39]} Bxg5 {[%emt 0:00:06]} 29. Rc7+ {[%emt 0:00:49]} Kd8 {[%emt 0:00:05]} 30. Rxb7 {[%emt 0:00:39]} Bxf4 {[%emt 0:00:19]} 31. Bxg7 {[%emt 0:00:39]} Rb8 {[%emt 0:01:01]} 32. Bf6+ {[%emt 0:00:33]} Kc8 {[%emt 0:00:05]} 33. Rxb8+ {[%emt 0:00:38]} Kxb8 {[%emt 0:00:07]} 34. g3 {[%emt 0:00:23]} Bd2 {[%emt 0:00:12]} 35. Nd6 {[%emt 0:00:36]} e3 {[%emt 0:00:28]} 36. Bg5 {[%emt 0:00:12]} Rd8 {[%emt 0:00:52]} 37. Kg2 {[%emt 0:00:48]} Rxd6 {[%emt 0:00:20]} 38. Bf4 {[%emt 0:00:04]} e2 {[%emt 0:00:06]} 0-1